Quiz - Histoire de l'ASSE - Statistiques

Statistiques générales
  • Ce quiz a été pris 34 fois
  • Le résultat moyen est 21 sur 30
Statistiques - réponses
Indice Réponse % Correct
Triple ballon d’or qui y contribue fortement Michel Platini
97%
Star hollywoodienne supporter de l’ASSE Timothée Chalamet
90%
Nombre de Coupe de France remportées par l’ASSE dans son histoire 6
87%
Club contre lequel l’ASSE perd la finale Bayern Munich
83%
Fondateur du groupe Casino et du club Geoffroy Guichard
83%
Entraineur emblématique, surnommé « le Sphinx » Robert Herbin
83%
Ailier des verts de 2012 à 2022, aujourd’hui adjoint de la réserve de l’ASSE Romain Hamouma
83%
Année de la professionnalisation du club 1933
80%
Année de l’épopée qui conduit les verts en finale de la Coupe des Clubs Champions, sous la direction de ce dernier 1976
80%
Coach de verts de 2009 à 2017, il qualifie les verts 4 fois en Coupe d’Europe Christophe Galtier
80%
Nom du groupe de supporter installé en Kop Sud Green Angels
80%
Auteur d’un coup-franc victorieux lors du 100e derby en 2010 Dimitri Payet
77%
Surnommé « l’Ange vert », il est une légende de l’ASSE, qui explose lors de la saison de « l’épopée » Dominique Rocheteau
77%
Double buteur pour l’ASSE lors du derby à domicile en 2025 Lucas Stassin
77%
Nom du groupe de supporter installé en Kop Nord Magic Fans
77%
Duo de propriétaires du club à partir de 2004 jusqu’en 2024 Roland Romeyer/Bernard Caïazzo
77%
Année du dixième et dernier titre de Champion de France de l’ASSE 1981
73%
Raison de la défaite des verts dans cette finale Poteaux carrés
73%
Année du premier titre de champion de France de l’ASSE 1957
67%
Attaquant brésilien des verts dans les année 2000, aujourd’hui deuxième adjoint de Philippe Montanier Ilan
67%
Gardien yougoslave qui garde les buts des verts de 1972 à 1981 Ivan Ćurković
67%
Année de la première saison en première division de club 1938
63%
Nom donné à l’affaire financière qui stoppe l’apogée du club La « caisse noire »
63%
Premier ballon d’or africain en 1970, il illumine l’attaque des verts de 1967 à 1972 Salif Keita
63%
Entraîneur qui lui succède en 1950, il porte le nom d’une tribune de Geoffroy-Guichard Jean Snella
57%
Nom du Président du club de 1961 à 1982, sous lequel le club connaît son apogée Roger Rocher
53%
Nom du président du club sud-africain depuis 2024 Yvan Gazidis
50%
Deuxième meilleur buteur de l’histoire des verts, il fait partie de l’équipe de football du FLN lors de la Guerre d'Algérie Rachid Mekhloufi
33%
Milieu offensif slovaque, coqueluche de Geoffroy-Guichard dans les années 90 Lubomír Moravčíc
10%
Autrichien, prisonnier de guerre lors de la Seconde Guerre mondiale, il fut joueur, puis entraîneur du club à partir de 1943 Ignace Tax
7%
Aucun quiz correspondant
Distribution des résultats
% des personnes avec chaque résultat
Percentile par nombre de réponses
Votre historique - résultats
Vous n’avez pas pris ce quiz